(KHMER) The story of Emei & her dragon / (Record no. 50152)
| 000 -LEADER | |
|---|---|
| fixed length control field | 00314nam a2200109 4500 |
| 020 ## - INTERNATIONAL STANDARD BOOK NUMBER | |
| International Standard Book Number | 9789995054526 |
| 100 ## - MAIN ENTRY--PERSONAL NAME | |
| Personal name | Bichonnier, Henriette |
| 9 (RLIN) | 87191 |
| 245 ## - TITLE STATEMENT | |
| Title | (KHMER) The story of Emei & her dragon / |
| Statement of responsibility, etc | Henriette Bichonnier |
| 260 ## - PUBLICATION, DISTRIBUTION, ETC. (IMPRINT) | |
| Place of publication, distribution, etc | Cambodia |
| Name of publisher, distributor, etc | Sipar |
| Date of publication, distribution, etc | 2024 |
| 300 ## - PHYSICAL DESCRIPTION | |
| Extent | 36 p. |
| Other physical details | col. ill. |
| Dimensions | 24 cm. |
| 942 ## - ADDED ENTRY ELEMENTS (KOHA) | |
| Source of classification or shelving scheme | |
| Koha item type | Book |
| Withdrawn status | Lost status | Source of classification or shelving scheme | Damaged status | Not for loan | Collection code | Home library | Current library | Shelving location | Date acquired | Total Checkouts | Full call number | Barcode | Date last seen | Date checked out | Price effective from | Koha item type |
|---|---|---|---|---|---|---|---|---|---|---|---|---|---|---|---|---|
| Siem Riep | Asian Hope Siem Reap | Asian Hope Siem Reap | SECONDARY | 02/05/2026 | 1 | KHMER E BIC | 209773 | 04/23/2026 | 04/09/2026 | 02/05/2026 | Book |